000 00582nam a2200169Ia 4500
003 GCL
008 140319s9999 xx 000 0 ara d
040 _aGCL /
_cGCL
082 0 4 _a811.09
_bع ا
100 1 _aعلى احمد النعمى
245 1 0 _aالارض والعشق /
_cعلى احمد النعمى
260 _aالرياض :
_bمنشورات دار الفيصل الثقافية ،
_c1986
300 _a136 ص ؛
_c20 سم
650 0 4 _aالشعر العربى - دواوين وقصائد
650 0 4 _aالشعر العربى - السعودية
942 _2ddc
_cBK
999 _c50876
_d50876